Sports Quiz

Random Sports or Football Quiz
Score 0/17 Timer 01:00
13 Plays Today
% Correct
EAGLET
83.8%
LIKINGS
82.5%
PACKETS
82.3%
BENGALI
81.5%
STEEPERS
81.4%
RAVELS
80.3%
JESS
79%
DROWNS
75.2%
RAISERS
74.7%
% Correct
RAMP
73.1%
GRANTS
73%
CHARMERS
72.9%
BILLY
71.1%
BEARD
69%
COSTS
68.2%
LOONS
65.3%
STINTS
64.3%
Remove Ads.
Support Sporcle.
Get the best of Sporcle when you Go Orange. This ad-free experience offers more features, more stats, and more fun while also helping to support Sporcle. Thank you for becoming a member.

You're not logged in!

Compare scores with friends on all Sporcle quizzes.
OR
Log In

Sporcle TV

Today on Sporcle TV


Watch our educational content, quiz creation guides, and fun videos on Sporcle TV.

Show Comments

Extras

Top Quizzes Today


Score Distribution

Paid Content

Your Account Isn't Verified!

In order to create a playlist on Sporcle, you need to verify the email address you used during registration. Go to your Sporcle Settings to finish the process.

Report this User

Report this user for behavior that violates our Community Guidelines.

Details: